Statistics for 50 Biggest Cities in Sudan

Click here to take the quiz!

General Stats

  • This quiz has been taken 31 times
  • The average score is 7 of 50

Answer Stats

RankPopulationAnswer% Correct
21,410,858Khartoum
100%
5394,561Port Sudan
76%
11,849,659Omdurman
57%
31,012,211Khartoum North
38%
4492,984Nyala
38%
10217,827Al Fashir
33%
6345,126El Obeid
24%
3255,255Kas
24%
7298,529Kassala
24%
9269,395Al Qadarif
19%
12137,103El Daein
19%
11213,080Kosti
19%
14134,264Al Junaynah
14%
17112,021Atbara
14%
2956,167Dongola
14%
16123,158Sennar
14%
8289,482Wad Madani
14%
13136,788Ad Damazin
10%
1973,654Ad Damir
10%
2073,622Ed Dueim
10%
2266,184En Nahud
10%
2167,095Kadugli
10%
2563,589New Halfa
10%
15123,890Rabak
10%
3742,456Sawakin
10%
3547,188Abu Jubayhah
5%
4930,629Al Fao
5%
1899,775Al Manaqil
5%
2659,089Dalang
5%
4830,856Jubayt
5%
3642,900Khashm el Girba
5%
4534,694Kutum
5%
4040,418Mujlad
5%
2463,746Shendi
5%
4731,329Tandalti
5%
4137,051Tokar
5%
2856,833Umm Ruwabah
5%
4435,061Zalingei
5%
3447,408Al Hasaheisa
0%
3155,637Ardamata
0%
4236,518Ar Rahad
0%
4632,759Babanusah
0%
2365,473Buram
0%
5030,184El Hawata
0%
2758,712Er Roseires
0%
3842,376Kabkabiyah
0%
3350,165Mellit
0%
3056,058Sinjah
0%
4335,617Sinkat
0%
3941,807Tulus
0%

Score Distribution

Percentile by Number Answered

Percent of People with Each Score

Your Score History

You have not taken this quiz